Papers de política cultural / Jordi Font i Cardona
ISBN:
84-297-3392-2
Descripción Física:
215 p. ; 20 cm
Colección:
Polítiques ; 11
Materias:
Catalunya -- Política cultural
MARC
| LEADER | 00000nam a2200000Ia 4500 | ||
|---|---|---|---|
| 001 | 9509 | ||
| 008 | 160829s1991 xx 000 0 cat d | ||
| 020 | |a 84-297-3392-2 | ||
| 080 | |a M-2-262 | ||
| 100 | |a Font i Cardona, Jordi |9 28533 | ||
| 245 | |a Papers de política cultural / Jordi Font i Cardona | ||
| 260 | |a Barcelona : |b Edicions 62, |c 1991 | ||
| 300 | |a 215 p. ; |c 20 cm | ||
| 490 | |a Polítiques ; 11 | ||
| 651 | 0 | |a Catalunya |x Política cultural |9 53685 | |
| 901 | |a Arxiu | ||
| 942 | |n 1 | ||
| 952 | |0 0 |1 0 |4 0 |6 M2262 |7 1 |9 44854 |a Arxiu |b Arxiu |d 2016-12-01 |l 0 |o M-2-262 |p 9509 |r 2016-12-01 00:00:00 |w 2016-12-01 |y ARXIU | ||
| 999 | |c 47452 |d 47452 | ||